000 01170nam a22003377a 4500
001 4432787
003 OSt
005 20210414104452.0
008 940420s1994 caua f 000 0 eng
010 _a 94018053
020 _a0898156270
040 _aDLC
_cDLC
_dDLC
_beng
041 _aeng
050 0 0 _aRC1220.M6
_bM48 1994
080 _a577.4
_bM-64
082 0 0 _a613/.4
_220
100 1 _aMeyer, Kathleen,
_d1942-
245 1 0 _aHow to shit in the woods :
_ban environmentally sound approach to a lost art /
_c/ by: Ten Speed Press
250 _a2nd edition revised
260 _aBerkeley, Calif. :
_bTen Speed Press
_c1994.
300 _axviii, 107 p. :
_bill. ;
_c22 cm.
365 _b6.95 usd
650 0 _aMountaineering
_xHealth aspects
_xHandbooks, manuals, etc.
650 0 _aEcology
_9690
650 0 _aDefecation
_xHandbooks, manuals, etc.
653 _aეკოლოგია
856 4 2 _3Publisher description
_uhttp://www.loc.gov/catdir/enhancements/fy0909/94018053-d.html
906 _a7
_bcbc
_corignew
_d1
_eocip
_f19
_gy-gencatlg
942 _2udc
_cBK
_e2
999 _c945
_d945